Normal view
MARC view
Entry Personal Name
001 - CONTROL NUMBER
- control field: 9994
003 - CONTROL NUMBER IDENTIFIER
- control field: BD-RjUL
005 - DATE AND TIME OF LATEST TRANSACTION
- control field: 20231109161033.0
008 - FIXED-LENGTH DATA ELEMENTS
- fixed length control field: 231109|| aca||aabn | a|a d
040 ## - CATALOGING SOURCE
- Original cataloging agency: BD-RjUL
- Transcribing agency: BD-RjUL
100 ## - HEADING--PERSONAL NAME
- Personal name: নাসিম, আবদুস শহীদ ; সম্পাদক
670 ## - SOURCE DATA FOUND
- Source citation: Work cat.: (BD-RjUL)82269: মাওদুদী, সাইয়েদ আবুল আ'লা 9990, তাফহীমুল কুরআনের বিষয় নির্দেশিকা /, ১৯৯৬